00462nam a22001577a 450000500170000000800410001702000190005804100130007708200120009010000280010224500560013025000190018626000440020530000300024965000250027920231113064821.0231113b |||||||| |||| 00| 0 eng d a9780409049404  aEnglish  a346 SON aSonnekus, JC lEnglish  aThe Law of Estoppel in South Africa / cJC Sonnekus aThird Edition  aDurban : bLexisNexis (Pty) Ltd, c2012 bxi, 413 pages ; c25 cm.  aLegal practice bLaw